Statystyki dla Państwa o najniższej gęstości zaludnienia

Kliknij tutaj aby rozwiązać quiz!

Ogólne statystyki

  • Ten quiz został rozwiązany 14 842 razy
  • Średni wynik to 12 z 24

Statystyki odpowiedzi

Gęstość
zaludnienia
Państwa% Poprawnych
8.54Rosja
92%
3.78Kanada
87%
3.32Australia
80%
2.10Mongolia
77%
6.89Kazachstan
70%
16.7Norwegia
64%
16.4Finlandia
61%
3.31Islandia
57%
16.3Argentyna
56%
16.2Arabia Saudyjska
55%
3.91Libia
50%
12.8Czad
49%
16.1Kongo
46%
16.3Mali
42%
4.51Mauretania
39%
12.4Turkmenistan
37%
16.5Oman
36%
3.08Namibia
35%
10.6Boliwia
31%
4.04Botswana
28%
7.75Republika
Środkowoafrykańska
26%
3.66Gujana
17%
3.58Surinam
17%
8.32Gabon
16%

Rozkład punktacji

Percentyl według liczby udzielonych odpowiedzi

Procent ludzi z każdym wynikiem

Twoja historia wyników

Nie rozwiązałeś tego quizu